000 00252nam a2200109Ia 4500
008 190216s9999||||xx |||||||||||||| ||und||
100 _aSherlekar S A
245 0 _aSecretarial Practice
260 _bNarosa Pubs House
_c1969
300 _a61p
942 _cBK
999 _c3937
_d3937